Kit #1 Heridas por trauma (Registro nro. 12122)
[ vista simple ]
| 000 -LÍDER | |
|---|---|
| fixed length control field | 00428nom a22001457a 4500 |
| 005 - FECHA DE ÚLTIMA TRANSACCION | |
| control field | 20220609164258.0 |
| 008 - ELEMENTOS DE DATOS - INFORMACIÓN GENERAL | |
| fixed length control field | 190712b xxu||||| |||| 00| 0 spa d |
| 041 ## - CÓDIGO DE LENGUAJE | |
| Código de idioma de texto / pista de sonido o título separado | spa |
| 082 ## - NÚMERO DE ACTIVO | |
| N° Activo | ACT-1766 |
| 245 ## - TÍTULO | |
| Título | Kit #1 Heridas por trauma |
| 500 ## - NOTA GENERAL | |
| Nota general | Contiene 13 heridas por trauma.<br/><br/>Se prestan para el mismo día, hasta las 7:50 pm |
| 650 ## - ASIENTO SECUNDARIO DE MATERIA - TÉRMINO DE MATERIA | |
| Término temático | MODELOS ANATÓMICOS |
| 650 ## - ASIENTO SECUNDARIO DE MATERIA - TÉRMINO DE MATERIA | |
| Término temático | HERIDAS POR TRAUMA |
| 942 ## - AÑADIDO ENTRADA ELEMENTOS ( Koha ) | |
| Koha tipo de ítem | Modelo Anatómico |
| Withdrawn status | Estado | Estado físico | Not for loan | Precio de compra | Total Checkouts | Clasificación | Número de inscripción | Date last seen | Price effective from | Tipo de ítem | Date checked out |
|---|---|---|---|---|---|---|---|---|---|---|---|
| 30000.00 | Kit #1 | ACT-1766 | 12/07/2019 | 12/07/2019 | Modelo Anatómico | ||||||
| 6 | Herida salida de disparo | HT01 | 09/06/2023 | Modelo Anatómico | 09/06/2023 | ||||||
| 1 | Quemadura de cara de 3er grado | HT02 | 21/08/2019 | Modelo Anatómico | 21/08/2019 | ||||||
| 5 | Intestino eviscerado | HT03 | 24/04/2026 | Modelo Anatómico | 24/04/2026 | ||||||
| 1 | Antebrazo con colgajo de piel avulsion | HT04 | 10/11/2023 | Modelo Anatómico | 10/11/2023 | ||||||
| 2 | Palillo empalado | HT05 | 08/04/2022 | Modelo Anatómico | 08/04/2022 | ||||||
| 4 | Herida de salida de disparo | HT06 | 10/11/2023 | Modelo Anatómico | 10/11/2023 | ||||||
| 9 | Desgarro de 12cm | HT07 | 24/04/2026 | Modelo Anatómico | 24/04/2026 | ||||||
| 2 | Quemadura de palma eléctrica | HT08 | 21/04/2025 | Modelo Anatómico | 21/04/2025 | ||||||
| 6 | Herida de entrada de disparo - Rango intermedio | HT09 | 24/04/2026 | Modelo Anatómico | 24/04/2026 | ||||||
| 6 | Herida de entrada de calibre | HT10 | 23/02/2024 | Modelo Anatómico | 23/02/2024 | ||||||
| 2 | Fractura abierta tibia | HT11 | 24/03/2025 | Modelo Anatómico | 24/03/2025 | ||||||
| Fractura abierta de fémur | HT12 | 12/07/2019 | Modelo Anatómico | ||||||||
| 4 | Fractura abierta de clavícula | HT13 | 21/04/2025 | Modelo Anatómico | 21/04/2025 |